<?xml version="1.0" encoding="UTF-8"?>
<record
    xmlns:xsi="http://www.w3.org/2001/XMLSchema-instance"
    xsi:schemaLocation="http://www.loc.gov/MARC21/slim http://www.loc.gov/standards/marcxml/schema/MARC21slim.xsd"
    xmlns="http://www.loc.gov/MARC21/slim">

  <leader>02187nam a22002297a 4500</leader>
  <controlfield tag="005">20260421155230.0</controlfield>
  <controlfield tag="008">260227b        |||||||| |||| 00| 0 eng d</controlfield>
  <datafield tag="020" ind1=" " ind2=" ">
    <subfield code="a">9781032482316 (pbk)</subfield>
  </datafield>
  <datafield tag="040" ind1=" " ind2=" ">
    <subfield code="c">PK-LaUMT</subfield>
  </datafield>
  <datafield tag="082" ind1=" " ind2=" ">
    <subfield code="a">378.124</subfield>
    <subfield code="b">KIT-F</subfield>
  </datafield>
  <datafield tag="100" ind1="1" ind2=" ">
    <subfield code="a">Kitchener, Mary</subfield>
    <subfield code="9">9550</subfield>
  </datafield>
  <datafield tag="245" ind1="1" ind2="2">
    <subfield code="a">A field guide to working in higher education :</subfield>
    <subfield code="b">transitioning from professional practice to academia</subfield>
    <subfield code="c">Mary Kitchener</subfield>
  </datafield>
  <datafield tag="260" ind1=" " ind2=" ">
    <subfield code="a">London :</subfield>
    <subfield code="b">Routledge,</subfield>
    <subfield code="c">2025</subfield>
  </datafield>
  <datafield tag="300" ind1=" " ind2=" ">
    <subfield code="a">286 p.</subfield>
  </datafield>
  <datafield tag="500" ind1=" " ind2=" ">
    <subfield code="a">Index present</subfield>
  </datafield>
  <datafield tag="520" ind1=" " ind2=" ">
    <subfield code="a">Higher education has had a long and growing association with professional practice. Yet the need to unpack and demystify the day-to-day workings has never been greater, especially for new pracademics - academics entering from professional practice. Mapped to Advance HE Professional Standards Framework (PSF, 2023) and the Academic Professional Apprenticeship Standard Teaching and Supporting Learning (IfATE), this invaluable guide will help you navigate your new academic career, covering all key aspects needed to support a successful transition. Key features include: - Hints, tips, narratives and examples from experienced pracademics from a diverse and broad range of professions and higher education institutions - Support and guidance on the academic role, teaching, learning and assessment, supporting students, researching and supervision, academic well-being and continuing professional development. - A 'go to' Learning Activity Compilation. - Practical strategies and guidance to swiftly adapt into your academic practices - A detailed glossary to quickly locate key terms Packed full of practical guidance, this go-to guide will act as the perfect companion to help you navigate through your new pracademic career. It is essential reading for anyone taking part in an accredited academic initial professional development programme, as well as those more experienced academics who want to refresh their knowledge and understanding"-- Provided by publisher</subfield>
  </datafield>
  <datafield tag="546" ind1=" " ind2=" ">
    <subfield code="a">Eng</subfield>
  </datafield>
  <datafield tag="650" ind1=" " ind2=" ">
    <subfield code="a">College teaching-Vocational guidance</subfield>
    <subfield code="9">9551</subfield>
  </datafield>
  <datafield tag="650" ind1=" " ind2=" ">
    <subfield code="a">College teaching-Professional relationship</subfield>
    <subfield code="9">9552</subfield>
  </datafield>
  <datafield tag="650" ind1=" " ind2=" ">
    <subfield code="a">Career development</subfield>
    <subfield code="9">7744</subfield>
  </datafield>
  <datafield tag="942" ind1=" " ind2=" ">
    <subfield code="c">BK</subfield>
  </datafield>
  <datafield tag="999" ind1=" " ind2=" ">
    <subfield code="c">139926</subfield>
    <subfield code="d">139926</subfield>
  </datafield>
  <datafield tag="952" ind1=" " ind2=" ">
    <subfield code="0">0</subfield>
    <subfield code="1">0</subfield>
    <subfield code="4">0</subfield>
    <subfield code="7">0</subfield>
    <subfield code="a">01</subfield>
    <subfield code="b">01</subfield>
    <subfield code="d">2026-02-27</subfield>
    <subfield code="l">0</subfield>
    <subfield code="o">378.124 KIT-F</subfield>
    <subfield code="p">151715</subfield>
    <subfield code="r">2026-02-27 09:42:19</subfield>
    <subfield code="w">2026-02-27</subfield>
    <subfield code="y">BK</subfield>
  </datafield>
  <datafield tag="952" ind1=" " ind2=" ">
    <subfield code="0">0</subfield>
    <subfield code="1">0</subfield>
    <subfield code="4">0</subfield>
    <subfield code="7">0</subfield>
    <subfield code="a">01</subfield>
    <subfield code="b">01</subfield>
    <subfield code="d">2026-04-21</subfield>
    <subfield code="l">0</subfield>
    <subfield code="o">378.124 KIT-F</subfield>
    <subfield code="p">152432</subfield>
    <subfield code="r">2026-04-21 15:53:11</subfield>
    <subfield code="t">C.2</subfield>
    <subfield code="w">2026-04-21</subfield>
    <subfield code="y">BK</subfield>
  </datafield>
</record>
